00461nam a2200157Ia 4500008004100000020001800041040001900059041001200078082002300090100002100113245007500134260003900209300001900248650002000267850001600287131103s9999 xx 000 0 und d a0 312 90843 1 aLoreto College aEnglish aF/GREbLCBED/10070 aGreenwood, L. B. aSherlock Holmesb and the case of the Raleigh Legacy cL. B. Greenwood aNew YorkbSt. Martin's Pressc1986 a184p. c 20cm. aEnglish fiction aLCBED/F/GRE